Statistiques concernant 60 Capitales - 60 secondes

Cliquez ici pour prendre le quiz!

Statistiques générales

  • Ce quiz a été pris 373 fois
  • Le résultat moyen est 26 sur 60

Statistiques - réponses

HintRéponse% Correct
AmsterdamEurope
59%
PékinAsie
57%
AlgerAfrique
55%
VienneEurope
55%
BerlinEurope
54%
LisbonneEurope
54%
MexicoAmérique
53%
DublinEurope
53%
OuagadougouAfrique
52%
MadridEurope
52%
LondresEurope
52%
YaoundéAfrique
51%
WashingtonAmérique
51%
LimaAmérique
51%
Buenos AiresAmérique
50%
TokyoAsie
50%
SéoulAsie
50%
RomeEurope
50%
KievEurope
50%
BrasiliaAmérique
49%
SantiagoAmérique
49%
BeyrouthAsie
49%
DjiboutiAfrique
48%
La HavaneAmérique
48%
BratislavaEurope
48%
SucreAmérique
47%
Oulan-batorAsie
47%
ParisEurope
47%
MinskEurope
47%
BrazzavilleAfrique
46%
YamoussoukroAfrique
46%
OttawaAmérique
46%
CanberraOcéanie
46%
Le CaireAfrique
45%
NairobiAfrique
45%
ParamariboAmérique
44%
BagdadAsie
44%
WellingtonOcéanie
44%
VientianeAsie
43%
Phnom PenhAsie
43%
AmmanAsie
42%
ManilleAsie
40%
TegucigalpaAmérique
38%
JakartaAsie
37%
MoroniAfrique
35%
RiyadAsie
35%
BakouAsie
35%
DamasAsie
34%
NaypyidawAsie
34%
AnkaraAsie
34%
FunafutiOcéanie
31%
MonroviaAfrique
28%
BanjulAfrique
26%
SuvaOcéanie
26%
TbilissiAsie
25%
Port-VilaOcéanie
25%
ManamaAsie
22%
ApiaOcéanie
22%
Port MoresbyOcéanie
22%
MajuroOcéanie
16%

Distribution des résultats

Percentile par nombre de réponses

% des personnes avec chaque résultat

Votre développement - résultats

Vous n’avez pas pris ce quiz